LEADER 01279nam a2200289 i 4500 001 000000137484 003 CaOOAMICUS 005 20250609125625.0 008 050502s2004 gw u000 u ger u 020 $a3-451-28522-3 040 $aSeMil$bita 245 00$aLexikon des Kirchenrechts /$cHerausgegeben von Stephan Haering und Heribert Schmitz. 260 $aFreiburg ; Basel ; Wien :$bHerder,$c2004. 300 $a1229 p. ;$c22 cm. 490 1 $aLexikon für Theologie und kirche kompakt 500 $aContiene : Anhang. 650 4$aDiritto canonico - Enciclopedie e dizionari.$0(OLS)http://semarc/subject/1067 700 1 $aSchmitz, Heribert <1929- >.$0(OLS)http://semarc/name/35382 700 1 $aHaering, Stephan.$0(OLS)http://semarc/name/55494 830 0$aLexikon für Theologie und Kirche kompakt.$0(OLS)http://semarc/title/17089 850 $aSeMil 852 $aSeMil$W1$xVenegono$y1$mSL1.N VI 66$j258068$B91029$CSeMilBibl$Z2$F97294 $8I 961 $aAcquisto: Koch, Neff & Oetinger 996 $6020$a3-451-28522-3$9(OLS)http://semarc/number/125213 996 $6245$aLexikon des Kirchenrechts$9(OLS)http://semarc/title/200886 996 $6260$aFreiburg ; Basel ; Wien :$bHerder$9(OLS)http://semarc/publisher/29643 LEADER 01318nam a2200229 i 4500 001 000000255032 003 CaOOAMICUS 005 20170719000000.0 008 170719s1751 it u000 u ita u 013 $a233937 026 $az.,& m,r, into CaCa (7) 1751 (A) 040 $aSeMil$bita 245 10$aCapitoli, e convenzioni da osservarsi per il funerale in occasione della morte di ciascun confratello della Veneran. Scuola del SS. Rosario eretta nella Basilica di S. Eustorgio di Milano. 260 $aIn Milano :$bPer gli Eredi di Giuseppe Agnelli,$c1751. 300 $a30, [2] p. ;$c8°. 500 $aSegn.: A-B8 (B8 bianca). - Vignetta (Madonna con bambino) sul front. 650 4$aCongregazioni e confraternite religiose - Milano - Sec. 16.-18.$0(OLS)http://semarc/subject/49109 700 1 $aAgnelli, Giuseppe eredi,$c.$0(OLS)http://semarc/name/72206 850 $aSeMil 852 $aSeMil$W1$xVenegono$y1$m3Z I 2/13 FA$j205378$B205378$CSeMilBibl$Z2$F218749 $8I 996 $6245$aCapitoli, e convenzioni da osservarsi per il funerale in occasione della morte di ciascun confratello della Veneran. Scuola del SS. Rosario eretta nella Basilica di S. Eustorgio di Milano$9(OLS)http://semarc/title/411385 996 $6260$aIn Milano :$bPer gli Eredi di Giuseppe Agnelli$9(OLS)http://semarc/publisher/51368